Economía y región / (Registro nro. 17666)

Detalles MARC
000 -CABECERA
Campo de control 01458cas a2200325 4500
005 - FECHA Y HORA DE LA ULTIMA TRANSACCION
Campo de control 20150812162424.0
008 - ELEMENTOS DE LONGITUD FIJA—INFORMACION GENERAL
Campo de control 040430u20049999ck fr p r s0 0b0spa d
022 ## - ISSN
ISSN 1692-8989
040 ## - FUENTE DE CATALOGACIÓN
Agencia catalogadora original hm
Agencia transcriptora hm
Agencia Modificadora CO-BoIAVH
041 0# - IDIOMA
Código de idioma para texto/pista de sonido o título separado Español
044 ## - PAÍS DE PUBLICACIÓN
País de publicación Colombia
090 ## - CLASIFICACIÓN LOCAL
Colección SE
245 00 - MENCION DE TITULO
Título Economía y región /
Mención de responsabilidad Universidad Tecnológica de Bolívar. Facultad de Ciencias Económicas y Administrativas.
260 3# - PUBLICACION, DISTRIBUCION, ETC. (PIE DE IMPRENTA)
Lugar de publicación, distribución, etc. Cartagena (Colombia):
Nombre del editor, distribuidor, etc. Universidad Tecnológica de Bolívar,
Fecha de publicación, distribución, etc. 2004.-
300 ## - DESCRIPCION FISICA
Otros detalles físicos il. ;
Dimensiones 25 cm.
500 ## - NOTA GENERAL
Nota general Descripción basada en: Vol.9 (Junio., 2015).
500 ## - NOTA GENERAL
Nota general Director: Haroldo Calvo Stevenson
650 ## - ASIENTO SECUNDARIO DE MATERIA - TERMINO TEMATICO
Término temático o nombre geográfico como elemento de entrada Economía regional
Subdivisión geográfica Cartagena, Colombia
Subdivisión de forma Publicaciones seriadas.
9 (RLIN) 36788
650 ## - ASIENTO SECUNDARIO DE MATERIA - TERMINO TEMATICO
Término temático o nombre geográfico como elemento de entrada Desarrollo regional
Subdivisión geográfica Cartagena (Colombia)
Subdivisión de forma Publicaciones seriadas.
9 (RLIN) 36789
651 ## - ASIENTO SECUNDARIO DE MATERIA - NOMBRE GEOGRAFICO
Nombre geográfico Cartagena (Colombia)
Subdivisión general Aspectos económicos
Subdivisión de forma Publicaciones seriadas.
9 (RLIN) 36790
651 ## - ASIENTO SECUNDARIO DE MATERIA - NOMBRE GEOGRAFICO
Nombre geográfico Cartagena (Colombia)
Subdivisión de forma Publicaciones seriadas.
9 (RLIN) 36791
651 ## - ASIENTO SECUNDARIO DE MATERIA - NOMBRE GEOGRAFICO
Nombre geográfico Colombia
Subdivisión de forma Publicaciones seriadas.
9 (RLIN) 36792
700 1# - ASIENTO SECUNDARIO - NOMBRE PERSONAL
Nombre personal Calvo Stevenson, Haroldo
Término de relación Director
700 1# - ASIENTO SECUNDARIO - NOMBRE PERSONAL
Nombre personal Galvis Aponte, Luis Armando
Término de relación Editor
700 1# - ASIENTO SECUNDARIO - NOMBRE PERSONAL
Nombre personal Toro González, Daniel
Término de relación Editor
700 1# - ASIENTO SECUNDARIO - NOMBRE PERSONAL
Nombre personal Serrano López, Guillermo
Término de relación Editor
700 1# - ASIENTO SECUNDARIO - NOMBRE PERSONAL
Nombre personal Romero Prieto, Julio
Término de relación Editor
710 2# - ASIENTO SECUNDARIO - NOMBRE CORPORATIVO
Nombre corporativo o de jurisdicción como elemento de entrada Universidad Tecnológica de Bolívar
Lugar de la reunión (Cartagena).
Unidad subordinada Facultad de Ciencias Económicas y Administrativas.
9 (RLIN) 36793
942 ## - ELEMENTOS ADICIONALES (KOHA)
Sistema de clasificación Local
Tipo de ítem Periodica o revista
Serial record 1
Existencias
Withdrawn status Lost status Sistema de Clasificación Damaged status No para préstamo Colección Fecha publicación (Año) Volumen revista Número revista Inventariado Ubicación Permanente Ubicación actual Fecha de adquisición Datos de publicación Seriada Total Checkouts Número topográfico Inventario / Código de Barras Date last seen Ejemplar Price effective from Forma de adquisición Tipo de material
    Local     Hemeroteca 2012 6 2 Inventariado 2017 Bogotá Bogotá 12/08/2015 Vol 6, Nro 2   SE 042092 12/08/2015 Ej. 1 12/08/2015 Canje Periodica o revista
    Local     Hemeroteca 2013 7 1 Inventariado 2017 Bogotá Bogotá 12/08/2015 Vol 7, Nro 1   SE 058296 12/08/2015 Ej. 1 12/08/2015 Canje Periodica o revista
    Local     Hemeroteca 2013 7 2 Inventariado 2017 Bogotá Bogotá 12/08/2015 Vol 7, Nro 2   SE 042086 12/08/2015 Ej. 1 12/08/2015 Canje Periodica o revista
    Local     Hemeroteca 2014 8 1 Inventariado 2017 Bogotá Bogotá 12/08/2015 Vol 8, Nro 1   SE 038979 12/08/2015 Ej. 1 12/08/2015 Canje Periodica o revista
    Local     Hemeroteca 2014 8 2 Inventariado 2017 Bogotá Bogotá 12/08/2015 Vol 8, Nro 2   SE 039179 12/08/2015 Ej. 1 12/08/2015 Canje Periodica o revista
    Local     Hemeroteca 2015 9 1 Inventariado 2017 Bogotá Bogotá 12/08/2015 Vol 9, Nro 1   SE 039180 12/08/2015 Ej. 1 12/08/2015 Canje Periodica o revista
    Local     Hemeroteca 2015 9 2 Inventariado 2017 Bogotá Bogotá 04/04/2016 Vol 9, Nro 2   SE 039897 04/04/2016 Ej. 1 04/04/2016   Periodica o revista
    Local     Hemeroteca       Inventariado 2017 Bogotá Bogotá 03/08/2016 Vol 10, Nro 1   SE 040570 03/08/2016 Ej. 1 03/08/2016 Donación Periodica o revista
    Local     Hemeroteca 2016 10 2 Inventariado 2017 Bogotá Bogotá 06/02/2017 Vol 10, Nro 2   SE 040988 06/02/2017 Ej. 1 06/02/2017 Donación Periodica o revista
    Local     Hemeroteca 2017 11 1 Inventariado 2017 Bogotá Bogotá 09/08/2017 Vol 11, No 1   SE 041627 09/08/2017 Ej. 1 09/08/2017 Donación Periodica o revista
    Local     Hemeroteca 2017 11 2   Bogotá Bogotá 11/05/2018 Vol 11, No 2   SE 030107 11/05/2018 Ej. 1 11/05/2018 Donación Periodica o revista
    Local     Hemeroteca 2018 12 1 Inventariado 2018 Bogotá Bogotá 31/08/2018 Vol 12, No 1   SE 030233 31/08/2018 Ej. 1 31/08/2018 Donación Periodica o revista